| 000 | 01161nam2a22002891 4500 | ||
|---|---|---|---|
| 001 | rc\4556382 | ||
| 005 | 20130416184426.2 | ||
| 021 |
_aRU _bРг61-81722 |
||
| 021 |
_aRU _bРг1304 |
||
| 035 | _a(NLR Aleph) 008366964 | ||
| 090 |
_a9033899 _c9033899 |
||
| 100 | _a20130416d1960 |||y0rusy50 ca | ||
| 101 | 0 | _arus | |
| 102 | _aRU | ||
| 105 | _aa z ||||| | ||
| 200 | 1 | _a[Грибковые болезни волос. Полимикозы] | |
| 210 | _d1960 | ||
| 215 | _a[2], 42 л., 2 л. ил. | ||
| 300 | _aЧастное загл. тома на отд. тит. л. | ||
| 461 | 0 |
_1001rc\4556376 _12001#$aЛекции по дермато-венерологии$fПод ред. доц. К.Р. Аствацатурова$gМ-во здрав. СССР. Центр. ин-т усовершенствования врачей. Фак. заоч. усовершенствования. Кафедра дермато-венерологии. Лекция 1-$vЛекция 8 |
|
| 517 | 0 | _aПолимикозы | |
| 700 | 1 |
_aМилич _bМ. В. |
|
| 801 | 0 |
_aRU _bNLR _gpsbo |
|
| 801 | 1 |
_aRU _bELAR _2rusmarc |
|
| 852 |
_aNLR _j60-9/190 |
||
| 942 | _cBOOK | ||
| 980 | _aNB | ||